IMDb: One Word Movie Quiz Stats

 Plays Quiz Updated Mar 16, 2019

Score 0/20 Timer 05:00
0 Plays Today
% Correct
Grease
96.1%
Frankenstein
95.5%
Halloween
95%
Airplane!
94.3%
Sharknado
94.2%
Goldeneye
94.1%
Titanic
93.3%
Platoon
91.7%
Goodfellas
91.6%
Tron
91.5%
% Correct
Stardust
91.4%
Jaws
91.1%
Casablanca
89.1%
Hanna
88.5%
Scream
87.9%
Misery
86.4%
Cliffhanger
79.6%
Chicago
76.2%
Bullitt
72.9%
Vertigo
62.4%

You're not logged in!

Compare scores with friends on all Sporcle quizzes.
OR
Log In

Sporcle TV

Today on Sporcle TV


Watch our educational content, quiz creation guides, and fun videos on Sporcle TV.

Show Comments

Extras

Top Quizzes Today


Score Distribution

Your Account Isn't Verified!

In order to create a playlist on Sporcle, you need to verify the email address you used during registration. Go to your Sporcle Settings to finish the process.

Report this User

Report this user for behavior that violates our Community Guidelines.

Details: